Principles of digital communication (Record no. 4865)

MARC details
000 -LEADER
fixed length control field 00879nam a22003017a 4500
003 - CONTROL NUMBER IDENTIFIER
control field OSt
005 - DATE AND TIME OF LATEST TRANSACTION
control field 20220107122806.0
008 - FIXED-LENGTH DATA ELEMENTS--GENERAL INFORMATION
fixed length control field 151006b xxu||||| |||| 00| 0 eng d
020 ## - INTERNATIONAL STANDARD BOOK NUMBER
International Standard Book Number 9788122433470
040 ## - CATALOGING SOURCE
Transcribing agency IIITMK
082 ## - DEWEY DECIMAL CLASSIFICATION NUMBER
Classification number 621.3822 DAS/P
100 ## - MAIN ENTRY--PERSONAL NAME
Personal name Das, J.
9 (RLIN) 7952
245 ## - TITLE STATEMENT
Title Principles of digital communication
Statement of responsibility, etc. Das, J. et. al.
260 ## - PUBLICATION, DISTRIBUTION, ETC.
Place of publication, distribution, etc. New Delhi,
Name of publisher, distributor, etc. New Age International,
Date of publication, distribution, etc. 2013.
300 ## - PHYSICAL DESCRIPTION
Extent xiii, 603p.
650 ## - SUBJECT ADDED ENTRY--TOPICAL TERM
Topical term or geographic name entry element COMMUNICATION ENGINEERING
9 (RLIN) 7953
650 ## - SUBJECT ADDED ENTRY--TOPICAL TERM
Topical term or geographic name entry element DIGITAL SIGNAL PROCESSING
9 (RLIN) 7954
650 ## - SUBJECT ADDED ENTRY--TOPICAL TERM
Topical term or geographic name entry element DIGITAL MODULATION
9 (RLIN) 7955
650 ## - SUBJECT ADDED ENTRY--TOPICAL TERM
Topical term or geographic name entry element DIGITAL COMMUNICATION
9 (RLIN) 7956
650 ## - SUBJECT ADDED ENTRY--TOPICAL TERM
Topical term or geographic name entry element SIGNAL REPRESENTATION
9 (RLIN) 7957
650 ## - SUBJECT ADDED ENTRY--TOPICAL TERM
Topical term or geographic name entry element DETECTION
9 (RLIN) 7958
650 ## - SUBJECT ADDED ENTRY--TOPICAL TERM
Topical term or geographic name entry element ESTIMATION
9 (RLIN) 7959
650 ## - SUBJECT ADDED ENTRY--TOPICAL TERM
Topical term or geographic name entry element INFORMATION CODING
9 (RLIN) 7960
651 ## - SUBJECT ADDED ENTRY--GEOGRAPHIC NAME
Geographic name
9 (RLIN) 7961
700 ## - ADDED ENTRY--PERSONAL NAME
Personal name Mullick, S. K.
9 (RLIN) 7962
700 ## - ADDED ENTRY--PERSONAL NAME
Personal name Chatterjee, P. K.
9 (RLIN) 7963
942 ## - ADDED ENTRY ELEMENTS (KOHA)
Source of classification or shelving scheme Dewey Decimal Classification
Koha item type Books
Holdings
Withdrawn status Lost status Source of classification or shelving scheme Damaged status Not for loan Collection code Home library Current library Shelving location Date acquired Cost, normal purchase price Total Checkouts Full call number Barcode Date last seen Price effective from Koha item type
    Dewey Decimal Classification     Non Fiction Kerala University of Digital Sciences, Innovation and Technology Knowledge Centre Kerala University of Digital Sciences, Innovation and Technology Knowledge Centre Applied Electronics 06/10/2015 281.00   621.3822 DAS/P 4290 03/12/2020 06/10/2015 Books